000 03461 a2200505 4500
001 OB-ifea-4039
003 FrMaCLE
005 20251214082655.0
007 cu ||||||m||||
008 150601e||||||||xx |||||s|||||||||0|es|d
020 _a978-2-8218-4587-9
024 7 _a10.4000/books.ifea.4039
_2doi
040 _aFR-FrMaCLE
041 _aspa
100 1 _aSuárez, Margarita
245 1 0 _aDesafíos transatlánticos :
_bMercaderes, banqueros y el Estado en el Perú virreinal, 1600-1700 /
_cMargarita Suárez.
260 _aLima :
_bInstitut français d’études andines,
_c2015.
300 _aXIII-528 p.
500 _aEbook
520 _a A partir del análisis de los mecanismos usados por los mercaderes y bancos de Lima para lograr una posición ventajosa dentro de la sociedad colonial, este libro ofrece una explicación sobre la naturaleza de las relaciones entre el Perú y el imperio español en el siglo XVII. Este siglo es particularmente interesante como período histórico por el marcado contraste entre España y sus posesiones de ultramar. Mientras la primera sufría una profunda crisis, los territorios americanos -especialmente México y Perú- fueron capaces de diversificar sus economías y alcanzar cierto grado de autonomía en su relación con la Península. Fueron varios los síntomas de la fragilidad de España en América: la mayor parte de las ganancias del tráfico atlántico recayeron en manos de franceses, ingleses, holandeses y mercaderes americanos; una fracción importante de los ingresos estatales se retuvo en el espacio virreinal; la burocracia dio síntomas de ineficiencia y, finalmente, milicias -y no un ejército regular-se encargaron de la defensa del territorio. ¿Por qué, entonces, se mantuvo el nexo colonial? Una probable respuesta es que España delegó funciones y compartió el poder con las élites criollas. Así, si el nexo colonial se mantuvo en el siglo XVII, fue debido a la debilidad de la corona, que permitió que las élites virreinales participaran crecientemente del poder y la riqueza americana. Basado en una exhaustiva e innovadora investigación documental, este libro analiza cómo se articuló la élite mercantil y financiera de Lima, y en qué términos se relacionó con el estado virreinal en el siglo XVII. Son dos los temas centrales que se desarrollan en la presente obra. En primer lugar, el crédito, que fue el que posibilitó la formación de grandes consorcios mercantiles en el interior del virreinato y, en consecuencia, la consolidación de un sector emergente de la sociedad peruana; una de las grandes contribuciones de este libro es que demuestra la existencia de siete bancos en Lima, de…
540 _aOpenEdition Books License
_uhttps://www.openedition.org/12554
650 4 _aHistory
650 4 _aPérou
650 4 _aépoque coloniale
650 4 _aadministration coloniale
650 4 _abanque
650 4 _aéconomie
650 4 _aXVIIe siècle
650 4 _afinance
650 4 _aLima
650 4 _acommerce
650 4 _acrédit
650 4 _aadministración colonial
650 4 _abanco
650 4 _acomercio
650 4 _acrédito
650 4 _aeconomía
650 4 _aépoca colonial
650 4 _afinanzas
650 4 _aLima
650 4 _aPerú
650 4 _asiglo XVII
776 _z978-9972-832-07-9
856 4 _eSuárez, Margarita
_uhttps://books.openedition.org/ifea/4039
_yDesafíos transatlánticos
999 _c7328
_d7328